Missing Word: Famous Dutch People Quiz Stats

 Plays Quiz Updated Jun 27, 2017

Support Sporcle.
Go Orange.
Score 0/14 Timer 03:00
0 Plays Today
Person Missing Word % Correct
_____ van GoghVincent
94.3%
_____ I, Prince of OrangeWilliam
77.2%
_____ van RijnRembrandt
76.3%
_____ of the NetherlandsBeatrix
70.3%
Mata _____Hari
65.7%
Robin van _____Persie
65.6%
Eddie van _____Halen
63.6%
Person Missing Word % Correct
_____ MondrianPiet
63.3%
_____ VermeerJohannes
63.1%
_____ JanssenFamke
51.2%
M.C. _____Escher
49.1%
Hieronymus _____Bosch
45.7%
Desiderius _____Erasmus
36.7%
Pieter Bruegel the _____Elder
27.4%

Today's Daily Dose

Word Ladder
New Dimensions!

Quick Pick
'Animal' Fish

Get the Picture
Bird or Food?

You're not logged in!

Compare scores with friends on all Sporcle quizzes.
OR
Log In
Forgot?

From the Vault

Mortal Kombat Characters

by BlueWingX

If you want to succeed at this quiz, you'll need a focused eye and a quick hand to FINISH IT!!!
Remove Ads.
Support Sporcle.
Get the best of Sporcle when you Go Orange. This ad-free experience offers more features, more stats, and more fun while also helping to support Sporcle. Thank you for becoming a member.

Show Comments

Extras

Top Quizzes Today


Score Distribution

Your Account Isn't Verified!

In order to create a playlist on Sporcle, you need to verify the email address you used during registration. Go to your Sporcle Settings to finish the process.

Report this User

Report this user for behavior that violates our Community Guidelines.

Details: